000 00695nam a2200241 a 4500
999 _c23972
_d23972
001 vtls000204602
005 20251024080952.0
008 970924s1997 xo a drp 000 0 slo c
020 _a8096760203 (brož.)
035 _aUKB000218178
040 _aBAA001
_bslo
_cBAA001
_eAACR2
041 1 _aslo
044 _axo
_cSK
080 _a801.561=854(035)
100 1 _aMoško, Gustáv,
_d1936-2005
_95091
245 0 0 _aPríručka vetného rozboru
_cGustáv Moško
250 _a1. vyd
260 _aPrešov
_bNáuka
_c1997
300 _a207 s
650 0 7 _aslovenčina
_xrozbor vetný
_xpríručky
_95092
650 0 7 _arozbor vetný
_xslovenčina
_xpríručky
_95093
653 _a801.561=854(035)